[Event "3. Arber-Open 2014"]
[Site "Bayerisch Eisenstein"]
[Date "2014.08.20"]
[Round "5.23"]
[White "Grod, Andreas"]
[Black "Reinhardt, Michael"]
[Result "1-0"]
[WhiteElo "2018"]
[BlackElo "1847"]
[PlyCount "115"]
[EventDate "2014.??.??"]
[WhiteTeam "SF Sailauf"]
[BlackTeam "TuS Hartha"]

1. e4 c6 2. d4 d5 3. e5 c5 4. c3 Bf5 5. Nf3 e6 6. Bd3 Bxd3 7. Qxd3 Nc6 8. O-O
Qb6 9. Rd1 cxd4 10. cxd4 Nge7 11. Nc3 a6 12. Bf4 Ng6 13. Bg3 Be7 14. a3 O-O 15.
b4 Rfc8 16. Rac1 Nf8 17. Na4 Qa7 18. Rc3 Rc7 19. Rdc1 Nd7 20. h4 Rac8 21. Bf4
b6 22. Bg5 Bf8 23. g4 Ncb8 24. Bf4 Rxc3 25. Rxc3 Qb7 26. Ng5 g6 27. h5 Bg7 28.
hxg6 hxg6 29. Qh3 Rxc3 30. Qxc3 Qc6 31. Qxc6 Nxc6 32. Be3 Bf8 33. Nc3 b5 34. f4
Nb6 35. Bc1 Nc4 36. Nf3 Be7 37. Kf2 Bd8 38. Ke2 Kf8 39. f5 gxf5 40. gxf5 Bb6
41. Kd3 Ke8 42. Ne2 Kd7 43. Nf4 Nd8 44. Ng5 Ke7 45. Be3 Nxa3 46. fxe6 fxe6 47.
Ngxe6 Nc4 48. Ng5 Nc6 49. Nxd5+ Ke8 50. Nf3 Nxe3 51. Kxe3 Bd8 52. Ke4 a5 53.
bxa5 Bxa5 54. Nf6+ Ke7 55. Kd5 Nd8 56. Kc5 Ne6+ 57. Kxb5 Bc3 58. Nd5+ 1-0

[Event "3. Arber-Open 2014"]
[Site "Bayerisch Eisenstein"]
[Date "2014.08.20"]
[Round "5.24"]
[White "Flemming, Klaus"]
[Black "Stutz, Robert"]
[Result "0-1"]
[WhiteElo "1766"]
[BlackElo "1830"]
[PlyCount "66"]
[EventDate "2014.??.??"]
[WhiteTeam "vereinslos"]
[BlackTeam "TSV Grossmehring"]

1. d4 d5 2. Nf3 c6 3. e3 Bg4 4. Nbd2 f5 5. Be2 Nf6 6. Ne5 Bxe2 7. Qxe2 e6 8.
O-O Bd6 9. f4 Nbd7 10. c4 Qe7 11. Ndf3 O-O-O 12. Bd2 Rdg8 13. a3 Ne4 14. b4 g5
15. Nxd7 Qxd7 16. b5 gxf4 17. exf4 Rg4 18. bxc6 Qxc6 19. Rac1 Kb8 20. Ne5 Bxe5
21. fxe5 Rhg8 22. Bf4 Rxg2+ 23. Qxg2 Rxg2+ 24. Kxg2 dxc4 25. Rf3 Qd5 26. Rd1 c3
27. Kg1 Qa2 28. Bc1 Qe2 29. Rdf1 h5 30. d5 Nd2 31. R3f2 Qg4+ 32. Rg2 Qd4+ 33.
Rff2 Nf3+ 0-1

[Event "3. Arber-Open 2014"]
[Site "Bayerisch Eisenstein"]
[Date "2014.08.20"]
[Round "5.25"]
[White "Kronschnabl, Matthias"]
[Black "Blank, Stefan"]
[Result "1/2-1/2"]
[WhiteElo "1300"]
[BlackElo "1838"]
[PlyCount "119"]
[EventDate "2014.??.??"]
[WhiteTeam "SC Bayerwald"]
[BlackTeam "SC Sulzbach"]

1. e4 c5 2. Nf3 d6 3. c3 Nf6 4. d3 Nc6 5. Be3 Ng4 6. Bg5 h6 7. Bh4 Qb6 8. Qd2
g6 9. h3 Nge5 10. Nxe5 Nxe5 11. d4 cxd4 12. cxd4 Nc6 13. d5 Nb4 14. a3 Na6 15.
Nc3 Bd7 16. Bd3 Bg7 17. b4 Rc8 18. Rc1 Qd4 19. Ne2 Rxc1+ 20. Nxc1 Qb2 21. Qxb2
Bxb2 22. Bxa6 bxa6 23. Nd3 Bxa3 24. Kd2 Bb5 25. Ra1 Bxd3 26. Kxd3 Bxb4 27. Rxa6
Bc5 28. f4 Kd7 29. Ra2 Rb8 30. Bf2 Bxf2 31. Rxf2 e6 32. Ra2 Rb7 33. Kc4 Kc8 34.
Ra6 Rd7 35. Kb5 exd5 36. exd5 Kb7 37. Rc6 f5 38. h4 Kb8 39. Ka6 g5 40. hxg5
hxg5 41. fxg5 Rg7 42. Rxd6 Rxg5 43. Rf6 Rxg2 44. d6 Ra2+ 45. Kb5 Rb2+ 46. Kc6
Rc2+ 47. Kd7 Rc5 48. Ke7 Rd5 49. Kd8 Kb7 50. d7 Re5 51. Rf7 a5 52. Re7 Rd5 53.
Ke8 Kb6 54. d8=Q+ Rxd8+ 55. Kxd8 a4 56. Re5 f4 57. Re4 Kb5 58. Rxf4 a3 59. Kd7
a2 60. Rf1 1/2-1/2

[Event "3. Arber-Open 2014"]
[Site "Bayerisch Eisenstein"]
[Date "2014.08.20"]
[Round "5.26"]
[White "Weiland, Thomas"]
[Black "Rösch, David"]
[Result "1-0"]
[WhiteElo "1889"]
[BlackElo "1337"]
[PlyCount "99"]
[EventDate "2014.??.??"]
[WhiteTeam "SV Oberursel"]
[BlackTeam "SC Bayerwald"]

1. e4 d6 2. d4 Nf6 3. f3 g6 4. c4 Bg7 5. Nc3 O-O 6. Be3 e5 7. d5 c6 8. Qd2 Re8
9. Bd3 cxd5 10. cxd5 a6 11. a4 Nbd7 12. b4 b6 13. Nge2 Bb7 14. Rb1 Qc7 15. O-O
Reb8 16. Rfc1 Qd8 17. Rc2 Ne8 18. Rbc1 Rc8 19. Bg5 f6 20. Be3 Nc7 21. Nb1 Ne8
22. Nec3 Rc7 23. Qf2 Rcc8 24. Na3 a5 25. bxa5 bxa5 26. Ncb5 Rxc2 27. Rxc2 Rc8
28. Rxc8 Qxc8 29. Nc4 Bf8 30. Nxa5 Nc5 31. Bxc5 dxc5 32. Bc4 Ba8 33. Nb3 Kg7
34. a5 Nd6 35. Nxd6 Bxd6 36. a6 Qc7 37. Qd2 Kf8 38. Kf1 Qb6 39. Ke2 g5 40. h4
h6 41. Kd3 Qc7 42. g4 Ke8 43. Bb5+ Kd8 44. Kc4 Kc8 45. hxg5 hxg5 46. Qh2 Qg7
47. Qh5 Qf8 48. Qh7 Kb8 49. Qd7 Qe7 50. a7# 1-0

[Event "3. Arber-Open 2014"]
[Site "Bayerisch Eisenstein"]
[Date "2014.08.20"]
[Round "5.27"]
[White "Staudinger, Simon"]
[Black "Bangert, Ruediger"]
[Result "1-0"]
[WhiteElo "1616"]
[BlackElo "1626"]
[PlyCount "159"]
[EventDate "2014.??.??"]
[WhiteTeam "SC Sonnen 1986"]
[BlackTeam "vereinslos"]

1. e4 Nc6 2. Nf3 g6 3. d4 e6 4. c4 Bg7 5. Nc3 b6 6. d5 Bxc3+ 7. bxc3 Na5 8. Bd3
Ba6 9. Qe2 d6 10. O-O Qd7 11. Bg5 Qa4 12. Nd2 h6 13. Bh4 g5 14. Bg3 e5 15. Rfc1
Ne7 16. Bc2 Qd7 17. Bb3 f5 18. exf5 Nxf5 19. Qh5+ Ke7 20. Qg4 Raf8 21. Re1 Nxg3
22. Qxg3 Qf5 23. Re3 Qf4 24. c5 Qxg3 25. cxd6+ cxd6 26. Rxg3 Rf4 27. Re3 Rhf8
28. f3 h5 29. h3 h4 30. Ne4 Rg8 31. Rc1 Rff8 32. Ra1 Rc8 33. Kf2 Nb7 34. Ke1
Nc5 35. Kd2 b5 36. Bc2 Bb7 37. Bb3 a5 38. Nxc5 Rxc5 39. a4 Bxd5 40. Bxd5 Rxd5+
41. Rd3 Rc5 42. axb5 Rxb5 43. Ra2 Rgb8 44. Ke3 Ke6 45. Rdd2 Rc8 46. Rdc2 Rcc5
47. Ra4 Rb3 48. Kd3 Rb1 49. Rca2 Rb3 50. Rc2 Kf5 51. Kd2 Rb1 52. Ke3 Rd1 53.
Ke2 Rb1 54. Ke3 Rb3 55. Kd3 d5 56. Kd2 Rbb5 57. Kd3 Rb8 58. Rca2 Rbc8 59. Rxa5
Rxc3+ 60. Kd2 d4 61. Rb5 Re3 62. Ra4 Kf4 63. Ra2 Kg3 64. Kd1 Rcc3 65. Rd2 Ra3
66. Rb1 Rad3 67. Rbb2 Re2 68. Kxe2 Re3+ 69. Kf1 Kf4 70. Re2 Rc3 71. Rb5 Re3 72.
Rxe3 dxe3 73. Ke2 Kg3 74. Rxe5 Kxg2 75. Rxg5+ Kxh3 76. Kxe3 Kh2 77. f4 h3 78.
f5 Kh1 79. f6 h2 80. Rh5 1-0

[Event "3. Arber-Open 2014"]
[Site "Bayerisch Eisenstein"]
[Date "2014.08.20"]
[Round "5.28"]
[White "Trinkl, Andreas"]
[Black "Hubel, Hans-Martin"]
[Result "1/2-1/2"]
[WhiteElo "1817"]
[BlackElo "1795"]
[PlyCount "105"]
[EventDate "2014.??.??"]
[WhiteTeam "SV 1947 Walldorf"]
[BlackTeam "SF Birkenfeld"]

1. Nf3 Nc6 2. g3 e5 3. d3 d5 4. Nbd2 Nf6 5. e4 Bg4 6. Bg2 Bc5 7. O-O O-O 8. h3
Bc8 9. Nb3 Bb6 10. exd5 Nxd5 11. a4 a5 12. Nbd2 Re8 13. Nc4 Bc5 14. Re1 f6 15.
c3 Be6 16. Na3 Qd7 17. d4 exd4 18. cxd4 Bb4 19. Bd2 Bxh3 20. Bxb4 Ncxb4 21. Nb5
Bxg2 22. Kxg2 Rxe1 23. Nxe1 Re8 24. Nf3 Qg4 25. Qb3 Kf8 26. Nh2 Qe2 27. Nf1
Qe4+ 28. Kg1 Qc2 29. Qxc2 Nxc2 30. Rc1 Re2 31. Kg2 c6 32. Kf3 Re1 33. Rxc2 Rxf1
34. Nd6 Nb4 35. Re2 g6 36. Re8+ Kg7 37. Re7+ Kh6 38. g4 Rd1 39. Nxb7 Rxd4 40.
Nxa5 Kg5 41. Rxh7 Rxg4 42. b3 Rf4+ 43. Ke2 Rf5 44. Nc4 Rd5 45. Rh3 f5 46. Rc3
Na2 47. Rg3+ Kf6 48. a5 Nc1+ 49. Kf1 Rd1+ 50. Kg2 Nd3 51. Kf3 Re1 52. Rh3 Rb1
53. Nd2 1/2-1/2

[Event "3. Arber-Open 2014"]
[Site "Bayerisch Eisenstein"]
[Date "2014.08.21"]
[Round "6.1"]
[White "Prusikin, Michael"]
[Black "Jansa, Vlastimil"]
[Result "1-0"]
[WhiteElo "2524"]
[BlackElo "2438"]
[PlyCount "91"]
[EventDate "2014.??.??"]
[WhiteTeam "TV Tegernsee"]
[BlackTeam "SC Forchheim e.V."]

1. d4 Nf6 2. c4 g6 3. Nc3 d5 4. Nf3 Bg7 5. h4 dxc4 6. e4 c5 7. d5 b5 8. h5 Nxh5
9. Nxb5 Qa5+ 10. Nc3 Nd7 11. Bd2 Ba6 12. g4 Nhf6 13. Bh3 h5 14. gxh5 Rxh5 15.
Bxd7+ Nxd7 16. Rxh5 gxh5 17. Ng5 Ne5 18. Qxh5 Qb6 19. Ne6 Bf6 20. Na4 Nd3+ 21.
Ke2 Qd6 22. Bc3 Qxe6 23. dxe6 Nf4+ 24. Kf3 Nxh5 25. Rh1 Bxc3 26. bxc3 fxe6 27.
Rxh5 O-O-O 28. Nxc5 Bb7 29. Rh7 Re8 30. Kf4 Bc6 31. Ke5 Bd7 32. f4 Kd8 33. Rh2
Kc7 34. Rd2 Bc8 35. Nxe6+ Kb6 36. f5 Rh8 37. Rd8 Rxd8 38. Nxd8 Kc7 39. Ne6+ Kc6
40. Nf4 Kd7 41. Kd4 Bb7 42. e5 Bf3 43. Kxc4 Bg4 44. f6 exf6 45. exf6 Kd6 46. f7
1-0

[Event "3. Arber-Open 2014"]
[Site "Bayerisch Eisenstein"]
[Date "2014.08.21"]
[Round "6.2"]
[White "Hausner, Ivan"]
[Black "Höfelsauer, Thomas"]
[Result "1/2-1/2"]
[WhiteElo "2350"]
[BlackElo "2257"]
[PlyCount "27"]
[EventDate "2014.??.??"]
[WhiteTeam "SK 1908 Göggingen"]
[BlackTeam "SK München SO"]

1. d4 Nf6 2. c4 c5 3. Nf3 cxd4 4. Nxd4 b6 5. Nc3 Bb7 6. f3 e6 7. e4 d6 8. Be2
Be7 9. Be3 O-O 10. Qd2 a6 11. O-O Nbd7 12. Rac1 Rc8 13. Rfd1 Rc7 14. b3 1/2-1/2

[Event "3. Arber-Open 2014"]
[Site "Bayerisch Eisenstein"]
[Date "2014.08.21"]
[Round "6.3"]
[White "Herbold, Manfred"]
[Black "Möhn, Hans"]
[Result "0-1"]
[WhiteElo "2147"]
[BlackElo "2226"]
[PlyCount "120"]
[EventDate "2014.??.??"]
[WhiteTeam "TSV Hütschenhausen"]
[BlackTeam "USV TU Dresden"]

1. e4 c6 2. d4 d5 3. exd5 cxd5 4. Bd3 Nc6 5. c3 Nf6 6. Bf4 g6 7. h4 Bf5 8. Bxf5
gxf5 9. Nd2 e6 10. Nh3 Rg8 11. g3 Rc8 12. Nf3 Ng4 13. Qe2 Qb6 14. O-O Na5 15.
Rfe1 Qa6 16. Qc2 Be7 17. Bg5 Rc7 18. Nf4 h6 19. Bxe7 Rxe7 20. Re2 Qd6 21. Rae1
Nc6 22. Qd2 Kf8 23. Nh2 Nf6 24. Nd3 Kg7 25. Ne5 Ne4 26. Qf4 Kh7 27. Nd3 Qxf4
28. Nxf4 Rc7 29. Nf1 b5 30. f3 Nf6 31. Nd3 b4 32. Nxb4 Nxb4 33. cxb4 Rc4 34.
Rd2 Rxb4 35. Rc1 Rgb8 36. Rc7 R8b7 37. Rxb7 Rxb7 38. Rc2 Ne8 39. Kf2 Nd6 40. b3
f4 41. g4 Nb5 42. Nd2 Nxd4 43. Rc8 Kg7 44. Nb1 Nb5 45. Rc5 Kf6 46. b4 Rc7 47.
Rxc7 Nxc7 48. a4 Ke5 49. Ke2 Kd4 50. b5 f6 51. Kd2 e5 52. Na3 e4 53. Nc2+ Kc4
54. h5 e3+ 55. Nxe3+ fxe3+ 56. Kxe3 Kc3 57. f4 d4+ 58. Ke4 d3 59. Kf5 d2 60.
Kxf6 d1=Q 0-1

[Event "3. Arber-Open 2014"]
[Site "Bayerisch Eisenstein"]
[Date "2014.08.21"]
[Round "6.4"]
[White "Miesbauer, Jan"]
[Black "Meertens, Martin"]
[Result "1-0"]
[WhiteElo "2006"]
[BlackElo "2168"]
[PlyCount "59"]
[EventDate "2014.??.??"]
[WhiteTeam "SC Bayerwald Regen/Zwiesel e.V."]
[BlackTeam "Klub Kölner SF e.V. 1"]

1. e4 c5 2. Nf3 d6 3. d4 cxd4 4. Nxd4 Nf6 5. Nc3 e6 6. Be3 a6 7. f3 b5 8. Qd2
Nbd7 9. g4 Nb6 10. O-O-O Bb7 11. g5 Nfd7 12. h4 b4 13. Nb1 d5 14. Bd3 Ne5 15.
Qg2 Nbc4 16. Bf2 Qa5 17. Bxc4 Nxc4 18. b3 Qxa2 19. bxc4 dxc4 20. g6 c3 21.
gxf7+ Kxf7 22. Rd3 Qb2+ 23. Kd1 Qxb1+ 24. Ke2 Qa2 25. Qg4 Bd6 26. Ra1 Qc4 27.
Ra5 Rhd8 28. Nxe6 Bf8 29. Rf5+ Ke7 30. Bc5+ 1-0

[Event "3. Arber-Open 2014"]
[Site "Bayerisch Eisenstein"]
[Date "2014.08.21"]
[Round "6.5"]
[White "Zepke, Armin"]
[Black "Cap, Adam"]
[Result "1/2-1/2"]
[WhiteElo "2105"]
[BlackElo "2080"]
[PlyCount "54"]
[EventDate "2014.??.??"]
[WhiteTeam "SC Bayerwald"]
[BlackTeam "SK Kladno"]

1. e4 e5 2. Nf3 Nc6 3. Nc3 Bc5 4. Nxe5 Nxe5 5. d4 Bd6 6. dxe5 Bxe5 7. f4 Bxc3+
8. bxc3 d6 9. Bc4 Qh4+ 10. g3 Qh3 11. Bf1 Qe6 12. Bg2 Nf6 13. O-O O-O 14. Qd4
c5 15. Qd3 Bd7 16. f5 Qe7 17. Bf4 Ne8 18. Rad1 Bc6 19. Bxd6 Nxd6 20. Qxd6 Rfe8
21. f6 gxf6 22. Qxf6 Qxf6 23. Rxf6 Rad8 24. Rxd8 Rxd8 25. e5 Bxg2 26. Kxg2 Rd2+
27. Rf2 Rd1 1/2-1/2

[Event "3. Arber-Open 2014"]
[Site "Bayerisch Eisenstein"]
[Date "2014.08.21"]
[Round "6.6"]
[White "Haman, Jakub"]
[Black "Gschwendtner, Stanislav"]
[Result "1/2-1/2"]
[WhiteElo "2181"]
[BlackElo "1987"]
[PlyCount "42"]
[EventDate "2014.??.??"]
[WhiteTeam "SK Kladno"]
[BlackTeam "SC Bayerwald"]

1. e4 c5 2. Nf3 d6 3. d4 cxd4 4. Nxd4 Nf6 5. Nc3 g6 6. Be3 Bg7 7. f3 Nc6 8. Bc4
O-O 9. Qd2 Bd7 10. O-O-O Ne5 11. Bb3 Rc8 12. Kb1 Re8 13. g4 b5 14. g5 b4 15.
Nce2 Nh5 16. Ng3 a5 17. Nxh5 gxh5 18. f4 a4 19. fxe5 axb3 20. Nxb3 Bxe5 21. Bd4
Bg4 1/2-1/2

[Event "3. Arber-Open 2014"]
[Site "Bayerisch Eisenstein"]
[Date "2014.08.21"]
[Round "6.7"]
[White "Schleich, Theodor"]
[Black "Kottmair, Toni"]
[Result "1-0"]
[WhiteElo "2035"]
[BlackElo "2259"]
[PlyCount "77"]
[EventDate "2014.??.??"]
[WhiteTeam "SK Siemens München"]
[BlackTeam "SK Königsbrunn"]

1. d4 Nf6 2. Bg5 Ne4 3. Bf4 d5 4. e3 c6 5. Bd3 Nd7 6. Bxe4 dxe4 7. Nd2 Nf6 8.
Ne2 Bg4 9. h3 Bh5 10. g4 Bg6 11. Ng3 h5 12. g5 h4 13. gxf6 hxg3 14. fxg3 exf6
15. Qe2 Qa5 16. a3 Bf5 17. O-O-O g5 18. Nc4 Qd5 19. Bc7 Be6 20. Nd2 b6 21. g4
b5 22. Ba5 Be7 23. Nb1 Qd7 24. Nc3 Bd5 25. Kb1 Rb8 26. Bb4 Bd8 27. Rde1 a5 28.
Bc5 Rh4 29. Nxd5 cxd5 30. b3 f5 31. gxf5 Qxf5 32. Ref1 Qe6 33. Qf2 Rb7 34. Qf5
Rh6 35. Qxe6+ Rxe6 36. Rf5 Rd7 37. h4 gxh4 38. Rg1 Red6 39. Re5+ 1-0

[Event "3. Arber-Open 2014"]
[Site "Bayerisch Eisenstein"]
[Date "2014.08.21"]
[Round "6.8"]
[White "Strangmueller, Andreas"]
[Black "Kuba, Stanislav"]
[Result "0-1"]
[WhiteElo "2005"]
[BlackElo "2137"]
[PlyCount "94"]
[EventDate "2014.??.??"]
[WhiteTeam "SK Landshut"]
[BlackTeam "SC Furth im Wald"]

1. d4 Nf6 2. Nf3 g6 3. c4 Bg7 4. Nc3 c6 5. g3 a6 6. Bg2 b5 7. c5 O-O 8. O-O d5
9. cxd6 exd6 10. a3 Re8 11. e4 Ra7 12. Re1 Rae7 13. Bg5 h6 14. Bf4 Nxe4 15.
Nxe4 Rxe4 16. Rxe4 Rxe4 17. Qd2 Bg4 18. Bxh6 Bxh6 19. Qxh6 Qf6 20. Ne5 Rxd4 21.
Nxg4 Rxg4 22. Re1 Qd8 23. Qe3 Qf8 24. Qa7 Rg5 25. Re7 Re5 26. Rb7 Re8 27. b4 d5
28. h4 Rd8 29. Qd4 Rd7 30. Rxd7 Nxd7 31. Bh3 Qd6 32. h5 gxh5 33. Qh4 Nf6 34.
Qg5+ Kf8 35. Qh6+ Ke8 36. Qe3+ Ne4 37. Qd4 Qf6 38. Qa7 Kf8 39. Bg2 Qa1+ 40. Kh2
Qe5 41. Qa8+ Kg7 42. Bxe4 dxe4 43. Qxc6 h4 44. Qc1 hxg3+ 45. fxg3 e3 46. Kg2
Qe4+ 47. Kg1 Qf3 0-1

[Event "3. Arber-Open 2014"]
[Site "Bayerisch Eisenstein"]
[Date "2014.08.21"]
[Round "6.9"]
[White "Waddington, Mike P"]
[Black "Bader, Gerd"]
[Result "1-0"]
[WhiteElo "2085"]
[BlackElo "2011"]
[PlyCount "117"]
[EventDate "2014.??.??"]
[WhiteTeam "Dorchester"]
[BlackTeam "SG Schwäbisch Gmünd 1872 e.V"]

1. Nc3 e5 2. Nf3 d6 3. d4 Nd7 4. e4 Ngf6 5. Bc4 Be7 6. O-O O-O 7. a4 c6 8. Qe2
b6 9. Rd1 Qc7 10. Bg5 a6 11. h3 Bb7 12. Nh4 b5 13. Nf5 Rfe8 14. dxe5 Nxe5 15.
Ba2 b4 16. Nb1 Rad8 17. Nd2 d5 18. Kh1 Ng6 19. exd5 cxd5 20. Rac1 Bc5 21. Qd3
Qc6 22. Nd4 Qb6 23. N2f3 Rd6 24. Re1 Ne4 25. Be3 a5 26. Qf1 Ba6 27. Qg1 h6 28.
Rcd1 Rdd8 29. Bb3 Bc4 30. Qh2 Bxb3 31. cxb3 Bd6 32. Qg1 Bc5 33. Qf1 Nd6 34. Rc1
Ne4 35. Qd3 Nf6 36. Qf5 Ne7 37. Qd3 Ng6 38. Rxc5 Qxc5 39. Ne6 Qc8 40. Nxd8 Qxd8
41. Rc1 Ne4 42. Qb5 Qa8 43. Rc7 Rc8 44. Rxc8+ Qxc8 45. Qxd5 Qc2 46. Nd4 Qb1+
47. Kh2 Nf6 48. Qxa5 Qe4 49. Qf5 Qb7 50. Qf3 Qe7 51. g3 Ne5 52. Qa8+ Kh7 53. a5
Qd6 54. a6 Nd5 55. a7 Nxe3 56. Qe4+ f5 57. Qxe3 Qd5 58. a8=Q Qxa8 59. Qxe5 1-0

[Event "3. Arber-Open 2014"]
[Site "Bayerisch Eisenstein"]
[Date "2014.08.21"]
[Round "6.10"]
[White "Kolb, Wolfgang"]
[Black "Gil, Arthur"]
[Result "1/2-1/2"]
[WhiteElo "2064"]
[BlackElo "2032"]
[PlyCount "75"]
[EventDate "2014.??.??"]
[WhiteTeam "SK Königsbrunn"]
[BlackTeam "SU Ebersberg-Grafing"]

1. c4 Nf6 2. Nc3 g6 3. g3 Bg7 4. Bg2 e5 5. d3 O-O 6. e4 d6 7. Nge2 Nc6 8. O-O
Ne8 9. Nd5 Ne7 10. Bg5 f6 11. Be3 c6 12. Nxe7+ Qxe7 13. d4 f5 14. exf5 Bxf5 15.
dxe5 dxe5 16. Nc3 Nc7 17. Ne4 Bxe4 18. Bxe4 Ne6 19. Qg4 Nd4 20. Rfe1 Qe6 21.
Qxe6+ Nxe6 22. b4 Nd4 23. Bxd4 exd4 24. b5 Rac8 25. bxc6 bxc6 26. Rab1 Rfe8 27.
f3 Re7 28. Rb3 g5 29. g4 Be5 30. Rd1 Kg7 31. h3 Bd6 32. Kf1 Bc5 33. Ke2 h5 34.
Kd3 h4 35. Rf1 Rce8 36. Rfb1 Kf6 37. Rb7 Bb6 38. Rxe7 1/2-1/2

[Event "3. Arber-Open 2014"]
[Site "Bayerisch Eisenstein"]
[Date "2014.08.21"]
[Round "6.11"]
[White "Leeb, Jonas"]
[Black "Strasil, Pavel"]
[Result "1/2-1/2"]
[WhiteElo "1897"]
[BlackElo "2132"]
[PlyCount "92"]
[EventDate "2014.??.??"]
[WhiteTeam "SK München SO"]

1. c4 Nf6 2. g3 c5 3. Bg2 g6 4. Nc3 Bg7 5. d3 O-O 6. e4 Nc6 7. Nge2 d6 8. O-O
Bd7 9. a3 a6 10. Rb1 Nd4 11. Nxd4 cxd4 12. Ne2 e5 13. Bd2 Bc6 14. Qc1 b5 15. b3
bxc4 16. bxc4 Nd7 17. Bb4 Qe7 18. Ba5 Rfb8 19. Qc2 Nc5 20. Rxb8+ Rxb8 21. Rb1
Qa7 22. Rb4 Rb7 23. Qb1 Qb8 24. Nc1 Bh6 25. Bf1 Bxc1 26. Qxc1 Nb3 27. Rxb7 Qxb7
28. Qe1 Kg7 29. Qb4 Qxb4 30. Bxb4 Nc5 31. Bxc5 dxc5 32. Bh3 Kf8 33. Bc8 a5 34.
Kf1 Ke7 35. Ke2 f6 36. Kd2 Bd7 37. Bxd7 Kxd7 38. a4 f5 39. f3 Ke6 40. Ke2 Kf6
41. Kf2 Kg5 42. Kf1 f4 43. g4 Kh4 44. Kg2 h5 45. h3 hxg4 46. hxg4 g5 1/2-1/2

[Event "3. Arber-Open 2014"]
[Site "Bayerisch Eisenstein"]
[Date "2014.08.21"]
[Round "6.12"]
[White "Pingitzer, Guenther"]
[Black "Ptacnik, Stanislav"]
[Result "0-1"]
[WhiteElo "1880"]
[BlackElo "2091"]
[PlyCount "116"]
[EventDate "2014.??.??"]
[WhiteTeam "_Österrreich_"]

1. d4 Nf6 2. Nf3 c5 3. d5 e6 4. Nc3 exd5 5. Nxd5 Nxd5 6. Qxd5 Nc6 7. Bd2 Be7 8.
Ne5 Nxe5 9. Qxe5 d6 10. Qg3 Be6 11. e4 O-O 12. Bc3 Bf6 13. Be2 Bxc3+ 14. Qxc3
Qh4 15. O-O Rad8 16. Rfd1 Qxe4 17. Bf3 Qe5 18. Qa3 Rd7 19. Re1 Qf6 20. Rad1
Rfd8 21. Bd5 Bxd5 22. Rxd5 Re7 23. Rdd1 Rde8 24. Rxe7 Qxe7 25. g3 Qe2 26. Qd3
Qxd3 27. Rxd3 Re6 28. c4 Kf8 29. Kf1 Ke8 30. Rd5 Kd7 31. f4 Kc6 32. Rd3 a6 33.
a4 Re4 34. b3 f5 35. h3 g6 36. Kf2 Rd4 37. Re3 d5 38. Re6+ Kd7 39. cxd5 Rxd5
40. Rf6 Rd3 41. Rf7+ Kc6 42. Rxh7 Rxb3 43. Rh6 c4 44. Rxg6+ Kd5 45. Rg8 Ke4 46.
Re8+ Kd3 47. Rd8+ Kc2 48. Rc8 c3 49. g4 Kb2 50. gxf5 Rb6 51. Kg3 c2 52. Rxc2+
Kxc2 53. Kg4 Rc6 54. Kg5 b5 55. axb5 axb5 56. f6 b4 57. f7 Rc8 58. Kg6 b3 0-1

[Event "3. Arber-Open 2014"]
[Site "Bayerisch Eisenstein"]
[Date "2014.08.21"]
[Round "6.13"]
[White "Grabmeier, Johannes"]
[Black "Zellner, Richard"]
[Result "1-0"]
[WhiteElo "1914"]
[BlackElo "2143"]
[PlyCount "27"]
[EventDate "2014.??.??"]
[WhiteTeam "SV Deggendorf"]
[BlackTeam "SG Schw München N"]

1. b3 d5 2. e3 e5 3. Bb2 Nd7 4. g3 Ngf6 5. Bg2 Bd6 6. Ne2 O-O 7. O-O Qe7 8. d3
e4 9. dxe4 dxe4 10. c4 Ne5 11. Qc2 Bg4 12. Kh1 c5 13. Ng1 Rad8 14. Nd2 1-0

[Event "3. Arber-Open 2014"]
[Site "Bayerisch Eisenstein"]
[Date "2014.08.21"]
[Round "6.14"]
[White "Pliev, Vladimir"]
[Black "Forgach, Andreas"]
[Result "1-0"]
[WhiteElo "2011"]
[BlackElo "1909"]
[PlyCount "63"]
[EventDate "2014.??.??"]
[BlackTeam "Kasseler SK 1876"]

1. e4 c5 2. Nf3 Nc6 3. d4 cxd4 4. c3 Nf6 5. e5 Nd5 6. cxd4 g6 7. Qb3 e6 8. Nc3
Nxc3 9. bxc3 d5 10. Be2 h5 11. O-O Be7 12. a4 O-O 13. Qc2 Bd7 14. Bd3 Kg7 15.
Qd2 Rh8 16. Qf4 Rc8 17. Bd2 Na5 18. Rfb1 b6 19. h4 Nc4 20. Bxc4 Rxc4 21. a5 b5
22. Ng5 Bxg5 23. hxg5 Qe7 24. Rb3 Rhc8 25. g4 hxg4 26. Kg2 Rh8 27. Rbb1 Rcc8
28. Rh1 Rxh1 29. Rxh1 Rh8 30. Qf6+ Qxf6 31. gxf6+ Kg8 32. Bh6 1-0

[Event "3. Arber-Open 2014"]
[Site "Bayerisch Eisenstein"]
[Date "2014.08.21"]
[Round "6.15"]
[White "Desoye, Gernot"]
[Black "Grod, Andreas"]
[Result "0-1"]
[WhiteElo "1941"]
[BlackElo "2018"]
[PlyCount "74"]
[EventDate "2014.??.??"]
[WhiteTeam "SF Graz"]
[BlackTeam "SF Sailauf"]

1. d4 d5 2. c4 e6 3. Nc3 Nf6 4. Bg5 Nbd7 5. Nf3 c6 6. e3 Qa5 7. cxd5 Nxd5 8.
Qd2 Bb4 9. Rc1 N7f6 10. Bd3 h6 11. Bh4 O-O 12. O-O Nxc3 13. bxc3 Be7 14. e4 Rd8
15. Qe2 Qc7 16. Bg3 Qa5 17. Ne5 c5 18. Nc4 Qa4 19. Rfd1 b5 20. Nb2 Qxa2 21. e5
Nd5 22. Bxb5 Bb7 23. Qc2 Qa5 24. Bf1 Rac8 25. Nc4 Qc7 26. Nd6 Bxd6 27. exd6 Qc6
28. c4 cxd4 29. c5 Nb4 30. Qb2 a5 31. Rxd4 f6 32. f4 Ba6 33. Bxa6 Qxa6 34. Re4
Nd3 35. Qe2 Rxd6 36. Rxe6 Rxe6 37. Qxe6+ Qxe6 0-1

[Event "3. Arber-Open 2014"]
[Site "Bayerisch Eisenstein"]
[Date "2014.08.21"]
[Round "6.16"]
[White "Völz, Stephan"]
[Black "Moutaqi, Sandra"]
[Result "1/2-1/2"]
[WhiteElo "1946"]
[BlackElo "2069"]
[PlyCount "52"]
[EventDate "2014.??.??"]
[WhiteTeam "Muldental Wilkau-Haßlau"]
[BlackTeam "PSV Ludwigslust"]

1. d4 d5 2. Nf3 Nf6 3. Bf4 e6 4. e3 c5 5. c3 Be7 6. h3 O-O 7. Nbd2 Nc6 8. Bd3
cxd4 9. exd4 h6 10. O-O Bd6 11. Be5 Bxe5 12. Nxe5 Nxe5 13. dxe5 Nd7 14. Nf3 f6
15. exf6 Qxf6 16. Bb5 a6 17. Ba4 b5 18. Bc2 Bb7 19. Qe2 e5 20. Rad1 Rad8 21.
Bb3 Qe6 22. Rfe1 Rfe8 23. Kf1 Kh8 24. Qd2 Qf6 25. Qe3 e4 26. Nh2 Ne5 1/2-1/2

[Event "3. Arber-Open 2014"]
[Site "Bayerisch Eisenstein"]
[Date "2014.08.21"]
[Round "6.17"]
[White "Reuter, Roland"]
[Black "Stutz, Robert"]
[Result "1-0"]
[WhiteElo "2007"]
[BlackElo "1830"]
[PlyCount "101"]
[EventDate "2014.??.??"]
[WhiteTeam "SK Schwabach 1907 e.V."]
[BlackTeam "TSV Grossmehring"]

1. e4 e5 2. Bc4 Nf6 3. Nc3 Nxe4 4. Bxf7+ Kxf7 5. Nxe4 d5 6. Ng3 Nc6 7. d3 Be7
8. Nf3 Rf8 9. Qe2 Kg8 10. h3 Kh8 11. c3 Re8 12. O-O Bf6 13. Nh5 a5 14. Nxf6
Qxf6 15. Bg5 Qg6 16. Bd2 Bxh3 17. Nh4 Qg4 18. Qxg4 Bxg4 19. Rae1 e4 20. dxe4
dxe4 21. f3 exf3 22. gxf3 Bh5 23. Kf2 Ne5 24. Kg3 Nc4 25. Bf4 Nxb2 26. Rb1 Re2
27. Bxc7 g5 28. Nf5 Bg6 29. Nd4 Bxb1 30. Nxe2 Bd3 31. Rf2 Nd1 32. Rh2 Ne3 33.
Nc1 Nf1+ 34. Kg2 Nxh2 35. Nxd3 Re8 36. Be5+ Kg8 37. Kxh2 b5 38. a3 Rd8 39. Bd4
b4 40. axb4 a4 41. b5 a3 42. Nb4 Kf7 43. Kg3 Ke6 44. Kg4 h6 45. b6 Kd7 46. Be5
Kc8 47. c4 Rd2 48. c5 Rb2 49. Nd5 Rb1 50. c6 a2 51. b7+ 1-0

[Event "3. Arber-Open 2014"]
[Site "Bayerisch Eisenstein"]
[Date "2014.08.21"]
[Round "6.18"]
[White "Fuchs, Benno"]
[Black "Johanssen, Torsten"]
[Result "0-1"]
[WhiteElo "1790"]
[BlackElo "1915"]
[PlyCount "78"]
[EventDate "2014.??.??"]
[WhiteTeam "SF Botv. Steinsfurt"]
[BlackTeam "vereinslos"]

1. e4 Nf6 2. e5 Nd5 3. d4 d6 4. Nf3 g6 5. exd6 cxd6 6. c4 Nb6 7. Nc3 Bg7 8. Be2
O-O 9. O-O Nc6 10. Be3 Bg4 11. b3 d5 12. c5 Nc8 13. h3 Bxf3 14. Bxf3 e6 15. Qd2
N8e7 16. Rfd1 Nf5 17. Ne2 Nh4 18. Bg4 h5 19. Bg5 Bf6 20. Bxh4 g5 21. Bxh5 gxh4
22. Qf4 e5 23. dxe5 Nxe5 24. Rac1 Re8 25. Rc2 Nc6 26. Rcd2 Re5 27. Bf3 Qe7 28.
Rxd5 Rxd5 29. Rxd5 Ne5 30. Be4 Rd8 31. Rxd8+ Qxd8 32. Bxb7 Qd1+ 33. Kh2 Kg7 34.
Bf3 Qc2 35. b4 Qxa2 36. Nc3 Qxf2 37. Ne4 Nxf3+ 38. Qxf3 Be5+ 39. Ng3 Bxg3+ 0-1